000 00290nam a2200121Ia 4500
008 241002s9999 xx 000 0 und d
082 _a500.015 RUS
100 _aRussell, Bertrand
245 4 _aThe Scientific Outlook
260 _aLondon:
_c1954
600 _aNatural Science
942 _cUC
999 _c18638
_d18638